Culture Générale - Série 1649 - Statistiques

Statistiques générales
  • Ce quiz a été pris 92 fois
  • Le résultat moyen est 6 sur 10
Statistiques - réponses
Question Réponse % Correct
Quelle est la plus haute valeur d'un billet en euros ? 500
96%
De quelle principauté Rainier III a-t-il été le Prince Souverain de 1949 à 2005 ? Monaco
94%
À Londres, dans quelle abbaye, fondée au XIe siècle, presque tous les rois d'Angleterre ont-ils été couronnés ? Westminster
82%
Quel État a représenté l'enlèvement d'Europe par Zeus, sur ses pièces de 2 euros ? Grèce
78%
Quel gros fruit oblong et écailleux, portant une touffe de feuilles à son sommet, peut être "cayenne lisse" ou "victoria" ? ananas
74%
Quel gros saucisson cuit, fait de chair hachée et épicée, tire son nom du fait qu'il contenait autrefois de la cervelle de porc ? cervelas
63%
De quelle ville de la région parisienne les Réginaburgiens sont-ils les habitants ? Bourg-la-Reine
49%
Quel film de Danny Boyle, qui raconte le destin d'un orphelin de Bombay, a reçu huit Oscars en 2009 ? Slumdog Millionaire
28%
Quel écrivain, prénommé Jean-Christophe, prix Goncourt 2001 pour "Rouge Brésil", est membre de l'Académie française depuis janvier 2008 ? Jean-Christophe Rufin
18%
Dans son album intitulé "Négatif" sorti en 2003, quel chanteur souhaite "s'asseoir sur une chaise à Tokyo" ? Benjamin Biolay
4%
Aucun quiz correspondant
Distribution des résultats
% des personnes avec chaque résultat
Percentile par nombre de réponses
Votre historique - résultats
Vous n’avez pas pris ce quiz